| 000 | 00644nam a2200229 i 4500 | ||
|---|---|---|---|
| 003 | DO-SdBNP | ||
| 005 | 20231026120032.0 | ||
| 006 | a||||gr|||| 00| 0 | ||
| 007 | ta | ||
| 008 | 231026b190? dr ||||| |||| 00| 0 spa d | ||
| 040 |
_aDO-SdBNP _bspa _cBNPHU _erda |
||
| 082 | 4 |
_222 _bV862c |
|
| 245 | 0 | 0 |
_aVivir como él: _bla vida de Nguyeb Van Troi. / |
| 264 |
_a[sin lugar] : _bAmín Abel, _c[190?] |
||
| 300 |
_a85 páginas ; _c20 cm. |
||
| 336 |
_2rdacontent _atexto _btxt |
||
| 337 |
_2rdamedia _asin mediación _bn |
||
| 338 |
_2rdacarrier _avolumen _bnc |
||
| 490 |
_aAmín Abel ; _v4 |
||
| 590 | _aInventariado 2023 / MF | ||
| 942 |
_2ddc _cLBS1 |
||
| 999 |
_c55297 _d55297 |
||